Winning the Canal. But losing the Country? /

Se reproduce la segunda parte de la investigación de Judy Butler sobre el Canal de Panamá. Se analiza la figura del General Omar Torrijos, líder militar del régimen panameño, quien se convirtiera en el personaje controversial en el curso de las negociaciones del Tratado sobre el Canal. En el artícul...

Descripció completa

Guardat en:
Dades bibliogràfiques
Autor principal: Butler, Judy
Format: Text
Matèries:
Etiquetes: Afegir etiqueta
Sense etiquetes, Sigues el primer a etiquetar aquest registre!

MARC

LEADER 00000 a a2200000 04500
001 9803
003
040
100 |a Butler, Judy  
245 |a Winning the Canal. But losing the Country? /  |c Judy Butler 
520 |a Se reproduce la segunda parte de la investigación de Judy Butler sobre el Canal de Panamá. Se analiza la figura del General Omar Torrijos, líder militar del régimen panameño, quien se convirtiera en el personaje controversial en el curso de las negociaciones del Tratado sobre el Canal. En el artículo se estudian las condiciones en que este líder llegó al poder en 1968 -apunta Butler que su régimen ha sido calificado de revolucionario, reformista y aún de dictatorial-. También se analizan los límites estructurales de las reformas impulsadas en un país dependiente e inmerso en el capitalismo global, a la vez que es estratégicamente importante para los intereses vitales de los Estados Unidos. ABB/mb  
650 |a DESCOLONIZACION  
650 |a DEPENDENCIA ECONOMICA  
650 |a INTERVENCION EXTRANJERA  
650 |a AUTODETERMINACION  
650 |a ZONA DEL CANAL DE PANAMA  
650 |a ACUERDOS INTERNACIONALES  
773 |g volumen 13, número 5; páginas 19-37  
999 |c 32546  |d 32546